000 00632nam a2200277Ia 4500
005 20260324111808.0
008 008 260324s9999 xx 000 0 eng d
020 _a9781003636526
037 _aEBOOK
040 _aCRL
040 _beng
040 _cCRL
041 _2eng
041 _aeng
084 _qCRL
100 _aAtsushi Nagai
_9999684
245 0 _aConjugated Microporous Polymers
260 _bTaylor and Francis
260 _c2025
365 _a
365 _b290
856 _uhttp://www.taylorfrancis.com/books/9781003636526
942 _cEBOOK
999 _c1728976
_d1728976